| 000 | 01051nam a2200229 a 4500 | ||
|---|---|---|---|
| 001 | 57381 | ||
| 005 | 20180714053540.0 | ||
| 008 | 140415s1992 mx 000 0 spa d | ||
| 020 | _a9681637062 | ||
| 041 | _aspa | ||
| 082 |
_a418 _bJAK |
||
| 100 | 1 | _aJAKOBSON, ROMAN | |
| 245 | 1 | 0 | _aARTE VERBAL, SIGNO VERBAL, TIEMPO VERBAL |
| 250 | _a1a ed. | ||
| 260 |
_aMEXICO : _bFONDO DE CULTURA ECONOMICA, _c1992 |
||
| 300 |
_a193 _c13.5 x 1.4 x 21 |
||
| 490 | _aCOLECCION TIERRA FIRME | ||
| 520 | _aCOMO GRAN VANGUARDISTA Y ESTUDIOSO DE LA LINGUISTICA, ROMAN JAKOBSON NOS PRESENTA EL TEMA QUE MAS LE PREOCUPŇ Y LE APASIONŇ DESDE SUS TIEMPOS DE ESTUDIANTE Y QUE PERMANECIŇ DURANTE TODA SU VIDA: LA POESĚA, EL ARS POETICA. EN ESTA OBRA EXPLICAN DIVERSOS ASPECTOS DE LA POETICA QUE MUESTRAN EL EXTENSO CAMPO DE INVESTIGACIŇN Y LAS VARIANTES QUE OFRECE ESA DISCIPLINA. | ||
| 650 | 1 | 4 |
_aLINGUISTICA APLICADA _xLITERATURA _xHISTORIA Y CRITICA _xPOETICA |
| 700 | 1 |
_aMANSOUR, MONICA _etr. |
|
| 740 | _aVERBAL ART, VERBAL SIGN, VERBAL TIME | ||
| 999 |
_c57381 _d57381 |
||